000 01121nam a22002537a 4500
999 _c100109
_d100109
005 20230705124543.0
010 _a1718EN-30 ENG-115192 B-687212-216 ENG-137269
020 _a9789351502579
_c750.00
035 _aEN-98724 EN-120801
035 _aB-687212-216
037 _bDBAD/PUB
082 0 0 _a338.90091724
_23RD
100 1 _aMelkote, Srinivas R.
_d1952-
245 1 0 _aCommunication for development:
_btheory and practice for empowerment and social justice/
_cBy Srinivas Raj Melkote and H. Leslie Steeves
250 _a3rd rev.
260 _aNew Delhi
_bSAGE Publications
_c2015
270 _aB1/I-1 Mohan Cooperative Industrial Area, Mathura Road
_bNew Delhi
_e110044
300 _axxv,537p.
_c23cm(pbk)
500 _aIncludes bibliographical references (pages 478-525) and index.
650 0 _aCommunication in economic development
_zDeveloping countries.
700 1 _aSteeves, H. Leslie
942 _2ddc
_cEN
_h338.90091724
_mMEL